The world guide: a view from the South, 2005/2006.--10th ed. (Record no. 83244)

MARC details
000 -LEADER
fixed length control field 00938nam a2200193 a 4500
008 - FIXED-LENGTH DATA ELEMENTS--GENERAL INFORMATION
fixed length control field 090316s2005 ||||||||||||||||| || u
020 ## - INTERNATIONAL STANDARD BOOK NUMBER
International Standard Book Number 1904456111
050 ## - LIBRARY OF CONGRESS CALL NUMBER
Classification number AY 40 Wor
245 04 - TITLE STATEMENT
Title The world guide: a view from the South, 2005/2006.--10th ed.
250 ## - EDITION STATEMENT
Edition statement 10th ed.
260 ## - PUBLICATION, DISTRIBUTION, ETC.
Place of publication, distribution, etc. Oxford.
Name of publisher, distributor, etc. New Internationalist Publications
Date of publication, distribution, etc. 2005.
300 ## - PHYSICAL DESCRIPTION
Extent 624p.: ill.
350 ## -
-- 0.00
500 ## - GENERAL NOTE
General note Cover title - The world guide : see the world from a different angle
650 ## - SUBJECT ADDED ENTRY--TOPICAL TERM
Topical term or geographic name entry element ALMANACS
995 ## -
-- REFERENCE BOOKS
-- 0.00
-- 739726
-- CBU-MAIN LIBRARY (Kitwe)
-- 1
-- 0.00
-- AY 40 WOR
-- 2
-- REFERENCE
-- Mar 24, 2009
-- 739726
-- Reference Collection
995 ## -
-- REFERENCE BOOKS
-- 0.00
-- 739727
-- CBU-MAIN LIBRARY (Kitwe)
-- 1
-- 0.00
-- AY 40 WOR
-- 3
-- REFERENCE
-- Mar 24, 2009
-- 739727
-- Reference Collection
995 ## -
-- REFERENCE BOOKS
-- 0.00
-- 739725
-- CBU-MAIN LIBRARY (Kitwe)
-- 1
-- 0.00
-- AY 40 WOR
-- 1
-- REFERENCE
-- Mar 24, 2009
-- 739725
-- Reference Collection
999 ## -
-- 83244
-- 83244
Holdings
Withdrawn status Lost status Source of classification or shelving scheme Damaged status Not for loan Permanent Location Current Location Shelving location Date acquired Total Checkouts Full call number Barcode Date last seen Copy number Price effective from Koha item type
          CBU-MAIN LIBRARY, KITWE. CBU-MAIN LIBRARY, KITWE.   10/25/2023   AY 40 Wor 739726 10/25/2023 1 10/25/2023 REFERENCE COLLECTION
          CBU-MAIN LIBRARY, KITWE. CBU-MAIN LIBRARY, KITWE.   10/25/2023   AY 40 Wor 739727 10/25/2023 2 10/25/2023 REFERENCE COLLECTION
          CBU-MAIN LIBRARY, KITWE. CBU-MAIN LIBRARY, KITWE.   10/25/2023   AY 40 Wor 739725 10/25/2023 3 10/25/2023 REFERENCE COLLECTION